| 000 | 00624nam a2200253 a 4500 | ||
|---|---|---|---|
| 001 | nice12345678 | ||
| 003 | IN_TiNIC | ||
| 005 | 20260116011516.0 | ||
| 008 | 050524s1926 kana grp 000 0 urd | ||
| 020 |
_a _c100 |
||
| 082 | 0 | 0 |
_a297.4 _bKHA4 |
| 100 | _aKhan, Muhammad Zaman | ||
| 245 | _aHal-Al-aweesi Sharhut Talkhis | ||
| 260 |
_aKanpur _bQaiyoom Press _c1926 |
||
| 300 | _a109p | ||
| 500 | _aincludes index and biblioraphy | ||
| 505 | 2 | _a3 vols. bound together | |
| 650 | _aSufism | ||
| 650 | _aPhilosophy-Islamic | ||
| 700 | 1 | _aKhan, Muhammad Zaman | |
| 902 | _bRBA | ||
| 942 | _cBK | ||
| 999 |
_c2167 _d2167 |
||